Derecho internacional pb︢lico de acuerdo de las normas y prc̀ticas que rigen en el siglo XXI /

Bibliographic Details
Main Author: Vargas Carreǫ, Edmundo
Format: eBook
Language:Spanish
Published: Chile : Jurd̕ica de Chile, 2007
Series:Tratados
Subjects:
Online Access:Acceso restringido

MARC

LEADER 00000nam a22000007a 4500
005 20120413151239.0
007 cr|||| ||||
008 120413s2007 cl |||||s|||| 00||0 spa d
020 |a 978-956-10-1801-2 
035 |a 6197 
040 |d vLex 
090 |c 3122  |d 3122 
100 1 |a Vargas Carreǫ, Edmundo 
245 1 0 |a Derecho internacional pb︢lico  |h [Recurso electrn̤ico] :  |b de acuerdo de las normas y prc̀ticas que rigen en el siglo XXI /  |c Edmundo Vargas Carreǫ 
256 |a Servicio en ln̕ea 
260 |a Chile :  |b Jurd̕ica de Chile,  |c 2007 
300 |a 1 recurso electrn̤ico 
490 0 |a Tratados 
500 |a Contenido: Introduccin̤ al Derecho Internacional; Evolucin̤ histr̤ica; Las fuentes del Derecho Internacional; Derecho de los Tratados; Relaciones entre el Derecho Internacional y el Derecho Interno; El Estado como sujeto de Derecho Internacional; El reconocimiento internacional; La personalidad internacional de otros sujetos de naturaleza no estatal; Las organizaciones internacionales; Las Naciones Unidas; El Sistema Interamericano y la Organizacin̤ de Estados Americanos; El individuo en el Derecho Internacional; La proteccin̤ internacional de los Derechos Humanos; La responsabilidad penal internacional del individuo. 
650 0 4 |a Derecho internacional  |z Chile 
740 0 |a vLex Libros (Servicio en ln̕ea) 
856 4 0 |u http://vlex.com/source/derecho-internacional-publico-acuerdo-normas-practicas-rigen-siglo-xxi-6197  |z Acceso restringido 
942 |c BOOK 
999 0 |a  International law